Court of Appeal gives notice on housing ASBOs (Record no. 75353)
[ view plain ]
| 000 -LEADER | |
|---|---|
| fixed length control field | 01772cab a2200241 4500 |
| 001 - CONTROL NUMBER | |
| control field | L129929 |
| 008 - FIXED-LENGTH DATA ELEMENTS--GENERAL INFORMATION | |
| fixed length control field | 050606n2005 000 0 eng u |
| 035 ## - SYSTEM CONTROL NUMBER | |
| System control number | (Sirsi) u129929 |
| 041 ## - LANGUAGE CODE | |
| Language code of text/sound track or separate title | eng |
| 100 ## - MAIN ENTRY--PERSONAL NAME | |
| Personal name | Jones, Ian |
| 245 ## - TITLE STATEMENT | |
| Title | Court of Appeal gives notice on housing ASBOs |
| 260 ## - PUBLICATION, DISTRIBUTION, ETC. | |
| Date of publication, distribution, etc. | 2005 |
| 490 ## - SERIES STATEMENT | |
| Series statement | New Law Journal |
| Volume/sequential designation | 155 (7175) 6 May 2005, 686-687(2) |
| 520 ## - SUMMARY, ETC. | |
| Summary, etc. | Examines CA's guidance in "Moat Housing Group South Limited v Carl Harris and Susan Colette Hartless" ([2005] EWCA Civ 287, L129928) on exercising the new, extended anti-social behaviour powers under the Anti-social Behaviour Act 2003, inserting s153A-153E into the Housing Act 1996. In "Moat Housing Group" the claimants appealed against Anti-Social Behaviour Injunctions (ASBIs); a possession order; and Anti-Social Behaviour )Orders (ASBOs) obtained by the respondent registered social landlord. The CA allowed the appeal on the grounds that the ASBI under s153A of the 1996 Act which could oust the second appellant and her children from their home immediately, should not have been made on a without notice application and should have been restricted. Analyses CA's guidance in respect of intrusive without notice orders; powers of arrest on without notice injunction; the duration of injunction and powers of arrest; the admissibility of hearsay evidence; and the correct application of ASBOs and ASBIs. |
| 590 ## - LOCAL NOTE (RLIN) | |
| Local note | IKA070605 |
| 650 ## - SUBJECT ADDED ENTRY--TOPICAL TERM | |
| Topical term or geographic name entry element | MOAT HOUSING GROUP SOUTH LTD V CARL HARRIS AND SUSAN COLETTE HARTLESS |
| 650 ## - SUBJECT ADDED ENTRY--TOPICAL TERM | |
| Topical term or geographic name entry element | ANTI-SOCIAL BEHAVIOUR ACT 2003 |
| 650 ## - SUBJECT ADDED ENTRY--TOPICAL TERM | |
| Topical term or geographic name entry element | HOUSING ACT 1996 S153A |
| 650 ## - SUBJECT ADDED ENTRY--TOPICAL TERM | |
| Topical term or geographic name entry element | ANTI-SOCIAL BEHAVIOUR ORDERS |
| 650 ## - SUBJECT ADDED ENTRY--TOPICAL TERM | |
| Topical term or geographic name entry element | ANTI-SOCIAL BEHAVIOUR INJUNCTIONS |
| 690 ## - LOCAL SUBJECT ADDED ENTRY--TOPICAL TERM (OCLC, RLIN) | |
| Topical term or geographic name as entry element | PROPERTY-RESIDENTIAL PROPERTY-RESIDENTIAL LANDLORD AND TENANT |
| 942 ## - ADDED ENTRY ELEMENTS (KOHA) | |
| Suppress in OPAC | 0 |
| Withdrawn status | Lost status | Source of classification or shelving scheme | Damaged status | Not for loan | Home library | Current library | Shelving location | Date acquired | Total Checkouts | Full call number | Barcode | Date last seen | Copy number | Price effective from | Koha item type |
|---|---|---|---|---|---|---|---|---|---|---|---|---|---|---|---|
| Dewey Decimal Classification | London | London | Journal article | 06/06/2005 | L129929 | 129929-1001 | 06/08/2019 | 1 | 06/08/2019 | Journal article |